| 000 | 00988cam a22002893a 4500 | ||
|---|---|---|---|
| 001 | 19206 | ||
| 003 | PGUSA | ||
| 005 | 20140828083416.0 | ||
| 008 | 060908s2006||||xxu|||||s|||||000 1 eng d | ||
| 040 |
_aPGUSA _beng |
||
| 042 | _adc | ||
| 050 | 4 | _aPZ | |
| 100 | 1 |
_aHenty, G. A. _q(George Alfred), _d1832-1902 |
|
| 245 | 1 | 0 |
_aUnder Drake's Flag : _bA Tale of the Spanish Main _h[electronic resource] / _cG. A. Henty |
| 260 |
_bProject Gutenberg, _c2006 |
||
| 506 | _aPublic domain in the USA. | ||
| 516 | _aElectronic text | ||
| 653 | _aDrake, Francis, Sir, 1540?-1596 -- Juvenile fiction | ||
| 653 | _aSpanish Main -- Juvenile fiction | ||
| 653 | _aGreat Britain -- History -- Elizabeth, 1558-1603 -- Juvenile fiction | ||
| 653 | _aAdventure and adventurers -- Juvenile fiction | ||
| 653 | _aSeafaring life -- Juvenile fiction | ||
| 700 | 1 |
_aBrowne, Gordon, _d1858-1932 |
|
| 830 | 0 |
_aProject Gutenberg _v19206 |
|
| 856 | 4 | 0 | _uhttp://www.gutenberg.org/ebooks/19206 |
| 942 | _cEB | ||
| 999 |
_c248461 _d248461 |
||